=LDR 00000nam 2200000 4500 =001 INLIS000000000020737 =005 20130612115651 =008 ***********************************Ind** =035 ##$$a0010-061300000020737 =041 ##$$a Ind =082 ##$$a 345.05 =090 ##$$a 345.05, Per h =100 ##$$a Perangin, Efendi =245 ##$$a Hukum waris, oleh Efendi Perangin =260 ##$$a 1997 $b Jakarta =300 ##$$a vii, 230 hlm, ilus, 20 cm =650 ##$$a Hukum waris =850 ##$$a NBPNMAT =990 ##$$a 21400613/BPAP-NTB/20142014